De filias y arquetipos: La vida cotidiana en el pensamiento moderno de Occidente
保存先:
| 第一著者: | |
|---|---|
| フォーマット: | 図書 |
| 言語: | Undetermined |
| 出版事項: |
Barcelona, España
Editorial Anthropos
2001
|
| 主題: | |
| タグ: |
タグ追加
タグなし, このレコードへの初めてのタグを付けませんか!
|
MARC
| LEADER | 00000nam a2200000Ia 4500 | ||
|---|---|---|---|
| 008 | 170316s9999 xx 000 0 und d | ||
| 090 | |a 100 L-31.1d | ||
| 100 | |a León Vega, Emma | ||
| 245 | |a De filias y arquetipos: La vida cotidiana en el pensamiento moderno de Occidente | ||
| 260 | |a Barcelona, España | ||
| 260 | |b Editorial Anthropos | ||
| 260 | |c 2001 | ||
| 300 | |a 159 páginas | ||
| 650 | |a FILOSOFÍA | ||
| 650 | |a CIENCIAS SOCIALES | ||
| 650 | |a VIDA COTIDIANA | ||
| 650 | |a LOS ARQUETIPOS | ||
| 650 | |a INDIVIDUO Y SOCIEDAD | ||
| 999 | |c 16778 |d 16778 | ||
| 040 | |a cru BVZT | ||
| 942 | |c 15 D |h 100 L-31.1d |2 z | ||
